| 000 | 00713 a2200181 4500 | ||
|---|---|---|---|
| 005 | 20120116125850.0 | ||
| 008 | 120116t xxu||||| |||| 00| 0 eng d | ||
| 080 |
_a536.75 _bDIL |
||
| 100 |
_aDill, Ken A _918872 |
||
| 245 |
_aMolecular driving forces _bstatistical thermodynamics in biology, chemistry, physics and nano science _cKen A Dill and Sarina Bromberg |
||
| 300 | _axx, 756p. | ||
| 653 |
_aStatistical thermodynamics _aEntropy _aChemical kinetics |
||
| 942 | _cBK | ||
| 260 |
_aLondon _bGarland science _c2011 _918873 |
||
| 250 | _a2nd ed. | ||
| 020 | _a9780815344308 | ||
| 952 |
_w2011-05-18 _p00066084 _v0.00 _r2011-05-18 _40 _e65 _00 _bUL _10 _o536.75 DIL _d2011-05-18 _70 _cGEN _2udc _g0.00 _yBK _aUL |
||
| 999 |
_c68789 _d68788 |
||